000 00386 a2200133 4500
005 20250410162936.0
020 _a07-001762 X
082 _a651.371 DIV
100 _aDIVISION, G.
245 _aThe Administrative Secretary: Resource
260 _aSan Francisco,
_bMcGraw Hill Book Company,
_c1970.
300 _ax, 692p.: ill.; chart, graph, picture,
_bindex.
_c24cm.
942 _2ddc
_cBKS
999 _c1292
_d1292